| 000 | 00570nam a2200217 a 4500 | ||
|---|---|---|---|
| 001 | BRCA_6284 | ||
| 005 | 20190320205410.0 | ||
| 008 | 030811s1918----gw-a######---#000-0#ger-# | ||
| 041 | _ager | ||
| 044 | _agw | ||
| 050 | 4 |
_aPN6195 _b.M36 1918 |
|
| 100 | 1 |
_aManz, Gustav _d1868-1931 _915762 |
|
| 245 | 1 | 0 |
_a100 Jahre Berliner Humor _cGustav Manz. |
| 260 |
_aBerlín _bEysler _c1918 |
||
| 300 |
_a272 p. _bil. _c22 cm. |
||
| 500 | _aEstado físico: Encuadernación deteriorada | ||
| 500 | _aK143 | ||
| 650 | 1 | 4 |
_aHumorismo alemán _96123 |
| 902 | _aGFM | ||
| 942 |
_2lcc _cB |
||
| 999 |
_c5971 _d5971 |
||